000 00321nam a22001337a 4500
008 181017b xxu||||| |||| 00| 0 eng d
020 _a9780472088591
041 _aeng
080 _a820
100 _a21
101 _aGJL
245 _aRealism & Institutionalism in International studies
_cBrecher,M
942 _2udc
_cBK
999 _c50042
_d50042